| 000 | 00519nam a22001817a 4500 | ||
|---|---|---|---|
| 003 | OSt | ||
| 005 | 20260323103903.0 | ||
| 008 | 260323b |||||||| |||| 00| 0 Pun d | ||
| 020 | _a9788119838875 | ||
| 040 | _cBGL | ||
| 082 | _a891.42201 CHA:P | ||
| 100 | _aਚਾਰਣ ਅਰਜੁਨ ਦੇਵ | ||
| 245 | _aਪੰਚਮ ਵੇਦ ਨਾਟਯ ਸ਼ਾਸਤਰ: ਨਵੀਂ ਦ੍ਰਿਸਟਿ | ||
| 260 |
_aNew Delhi _bNavyug Publishers _c2025 |
||
| 300 | _a270p | ||
| 650 | _aPunjabi | ||
| 942 |
_2ddc _cGB |
||
| 999 |
_c44326 _d44326 |
||